Banking bot based on rasa framework / (Record no. 615972)

000 -LEADER
fixed length control field 00682nam a22001697a 4500
003 - CONTROL NUMBER IDENTIFIER
control field NUST
082 ## - DEWEY DECIMAL CLASSIFICATION NUMBER
Classification number 621.382,NAG
100 ## - MAIN ENTRY--PERSONAL NAME
Personal name Nagi, Musa
9 (RLIN) 132998
245 ## - TITLE STATEMENT
Title Banking bot based on rasa framework /
Statement of responsibility, etc. Musa Nagi, tasawar Hussain, Zarnab Naeem and Malik Kazim Ali (BETE-55 /TCC-30)
260 ## - PUBLICATION, DISTRIBUTION, ETC.
Place of publication, distribution, etc. Rawalpindi
Name of publisher, distributor, etc. MCS (NUST)
Date of publication, distribution, etc. June, 2022
300 ## - PHYSICAL DESCRIPTION
Extent x, 26p.;
505 ## - FORMATTED CONTENTS NOTE
Formatted contents note Introduction (Page-1), Literature Review (Page-9), Implementation (Page-13), Conclusion (Page-24), Future Work (Page-25), References (Page-27).
650 ## - SUBJECT ADDED ENTRY--TOPICAL TERM
Topical term or geographic name entry element UG Project
9 (RLIN) 131132
651 ## - SUBJECT ADDED ENTRY--GEOGRAPHIC NAME
Geographic name (BETE-55 /TCC-30)
9 (RLIN) 132999
700 ## - ADDED ENTRY--PERSONAL NAME
Personal name Supervised by Associate Professor Dr. Alina Mirza
9 (RLIN) 133000
942 ## - ADDED ENTRY ELEMENTS (KOHA)
Source of classification or shelving scheme
Koha item type Project Report
Holdings
Withdrawn status Lost status Source of classification or shelving scheme Damaged status Not for loan Permanent Location Current Location Shelving location Date acquired Total Checkouts Full call number Barcode Date last seen Price effective from Koha item type Public note
          Military College of Signals (MCS) Military College of Signals (MCS) Reference 01/30/2026   621.382,NAG MCSPTE-315 01/30/2026 01/30/2026 Project Report Almirah No.90, Shelf No.5
© 2023 Central Library, National University of Sciences and Technology. All Rights Reserved.